Sổ tay trồng rau an toàn

Giới thiệu hững hiểu biết cơ bản về kĩ thuật trồng rau, đặc biệt là biện pháp cần thiết để trồng rau đạt tiêu chuẩn an toàn. Ngoài ra có giới thiệu một số kết quả và kinh nghiệm trong phong trào trồng rau an toàn

שמור ב:
מידע ביבליוגרפי
מחבר ראשי: Nguyễn, Mạnh Chinh
מחברים אחרים: Nguyễn Mạnh Chinh
שפה:Undetermined
יצא לאור: Tp. Hồ Chí Minh Nông nghiệp 2007
נושאים:
תגים: הוספת תג
אין תגיות, היה/י הראשונ/ה לתייג את הרשומה!
Thư viện lưu trữ: Trung tâm Học liệu Trường Đại học Trà Vinh
LEADER 00948nam a2200253Ia 4500
001 TVU_2013
008 210423s9999 xx 000 0 und d
041 |a Vie 
082 |a 635.1 
082 |b Ch312 
100 |a Nguyễn, Mạnh Chinh 
245 0 |a Sổ tay trồng rau an toàn 
245 0 |c Nguyễn Mạnh Chinh 
260 |a Tp. Hồ Chí Minh 
260 |b Nông nghiệp 
260 |c 2007 
300 |a 155 tr. 
300 |b bảng 
300 |c 19 cm 
504 |a Thư mục tham khảo: tr.153 
520 |a Giới thiệu hững hiểu biết cơ bản về kĩ thuật trồng rau, đặc biệt là biện pháp cần thiết để trồng rau đạt tiêu chuẩn an toàn. Ngoài ra có giới thiệu một số kết quả và kinh nghiệm trong phong trào trồng rau an toàn 
650 |a Pests; Vegetables; Rau; Trồng rau 
700 |a Nguyễn Mạnh Chinh 
980 |a Trung tâm Học liệu Trường Đại học Trà Vinh